00754nam a2200241 a 4500001001300000003000900013005001700022008004100039020002300080082001700103100001900120245006700139260003400206300000900240500003500249505003700284650002200321700001900343902000800362942000700370952011800377999001700495nice12345678IN_TiNIC20260116014504.0080108s2005 newa grp 000 0 eng  a8190227468 c39500a305.854bRED aReddy, Gayatri aWith Respect to Sexb Negotiaing Hijra Identity in South India aNew Delhi bYoda Press c2005 a310p aincludes index and biblioraphy2 aAppendix, Glossary, Notes, Index aEthnography-India1 aReddy, Gayatri bSRS cBK 001040708StackRoom-aHMIbHMId2008-01-09g395.00l0o305.854 REDp022232r2008-01-09v395.00w2008-01-08yBK c15587d15587